1433 1375 1742 1959 1501 1492 1347 1519 1616 1323 1593 1201 1254 1182 1853 1627 1328 1305 1365 1105 1754 1508 1802 1908 1738 1285 1840 1088 1345 1511 1449 1484 1140 1848 1053 1370 1551 1908 1906 1771 1045 1974 1543 1980 1333 1086 1629 1559 1359 1274 1360 1219 1523 1265 1943 1072 1093 1873 1107 1524 1344 1222 1180 1742 1189 1953 1660 1461 1299 1612 1763 1229 1729 1491 1955 1278 1626 1271 1282 1346 1029 1020 1471 1873 1208 1012 1167 1827 1343 1734 1333 1596 1512 1766 1882 1266 1411 1601 1769 BCNSPRNW ULIB Ver.6.0+V

เปลี่ยนเป็นภาษาไทย

Change to English
 แสดงรายละเอียดบรรณานุกรม
  กลับหน้าหลัก

Brief Record : Get Marc (ISO 2709) : E-mail record : QR code < ปิดหน้าต่าง
LEADER : 00000nam 2200000uu 4500
001    13399126346
003     ULIB
008    180910s2559||||th 000 0 tha d
020    ^a9789740334699
050  4 ^aLB 1139.23^bศ295ก
100 0  ^aศศิลักษณ์ ขยันกิจ
245 10 ^aการประเมินอย่างใคร่ครวญต่อเด็กปฐมวัย :^bแนวคิดและการปฏิบัติเพื่อสนับสนุนการเรียนรู้ /^cศศิลักษณ์ ขยันกิจ, บุษบง ตันติวงศ์
260    ^aกรุงเทพฯ :^bสำนักพิมพ์แห่งจุฬาลงกรณ์มหาวิทยาลัย,^c2559
300    ^a206 หน้า :^bภาพประกอบ
650  4 ^aการศึกษาปฐมวัย^xการประเมิน
650  4 ^aครูปฐมวัย
650  4 ^aเด็กปฐมวัย
700 0  ^aบุษบง ตันติวงศ์
945    ^p300^l0^i004571
945    ^p300^l0^i004569
945    ^p300^l0^i004570
999    ^aประนอม เกษจรัล
รายการนี้ยังไม่มีแท็ก
คุณยังไม่ได้ล็อกอิน คุณสามารถมีกิจกรรมร่วมกับเว็บไซต์ได้ แต่ต้องล็อกอินก่อน ::
  ล็อกอิน

รายการสื่อสารสนเทศ

ลำดับที่ ประเภท เลขเรียก/บาร์โค้ด สถานที่ สถานะ
1. การศึกษาทั่วไป
หนังสือสำรอง
สถานะ=หนังสือสำรอง
LB 1139.23 ศ295ก ฉ.1 
  Barcode: 004569
ห้องสมุดวิทยาเขตสวรรค์ประชารักษ์
►หนังสือทั่วไป
บนชั้น
2. การศึกษาทั่วไป
การศึกษาทั่วไป
LB 1139.23 ศ295ก ฉ.2 
  Barcode: 004570
ห้องสมุดวิทยาเขตสวรรค์ประชารักษ์
►หนังสือทั่วไป
บนชั้น
3. การศึกษาทั่วไป
การศึกษาทั่วไป
LB 1139.23 ศ295ก ฉ.3 
  Barcode: 004571
ห้องสมุดวิทยาเขตสวรรค์ประชารักษ์
►หนังสือทั่วไป
บนชั้น

รายการใกล้เคียง
    ผู้แต่ง [ศศิลักษณ์ ขยันกิจ]

    หัวเรื่อง [ครูปฐมวัย]
    หัวเรื่อง [เด็กปฐมวัย]

BibComment


ยังไม่เคยถูกคอมเมนท์

คอมเมนท์ทรัพยากรรายการนี้
  คอมเมนท์: การประเมินอย่างใ..


 Copyright 2026. Bcnsprnw @Library